|
|
|
|
| LEADER |
00966nam a2200217 a 4500 |
| 001 |
3023 |
| 008 |
130615s1982 bg a 000 0 eng d |
| 010 |
|
|
|a 82905602
|
| 040 |
|
|
|a DLC
|c DLC
|d DLC
|d BD-DhAAL
|
| 082 |
0 |
0 |
|a 631.3/09549/2
|2 19
|
| 245 |
0 |
0 |
|a Indigenous agricultural tools and equipment of Bangladesh.
|
| 260 |
|
|
|a Dacca Bangladesh :
|b Agricultural Engineering Division, Bangladesh Agricultural Research Council,
|c 1982.
|
| 300 |
|
|
|a 516 p. :
|b ill. ;
|c 29 cm.
|
| 541 |
|
|
|e 3023
|
| 650 |
|
0 |
|a Agricultural implements
|z Bangladesh.
|
| 650 |
|
0 |
|a Farm equipment
|z Bangladesh.
|
| 710 |
2 |
|
|a Bmacradotbmlmacradesa Kringbrshi Gabeshadotbna Kmacraunsila.
|b Agricultural Engineering Division.
|
| 852 |
1 |
|
|a Ayesha Abed Library
|j General shelf.
|
| 942 |
0 |
0 |
|0 1
|
| 999 |
|
|
|c 13576
|d 13576
|
| 952 |
|
|
|0 0
|1 0
|2 ddc
|4 0
|6 631_309549200000000_IND
|7 0
|9 22713
|a BRACUL
|b BRACUL
|c GEN
|d 2013-06-15
|g 0.00
|l 1
|m 6
|o 631.3095492 IND
|p 3010003023
|r 2015-12-09
|s 2015-11-19
|t 1
|w 2013-06-15
|y BK
|z Not price in Register
|